Home Print Resources E-Books E-Journals IIMT Lecture Series Library Membership Form Book Recommendation Form Campus Tour Take AdmissionAbout Us Contact Us

Essential Orthopaedics (Record no. 66665)

000 -LEADER
fixed length control field 00389nam a22001577a 4500
003 - CONTROL NUMBER IDENTIFIER
control field OSt
005 - DATE AND TIME OF LATEST TRANSACTION
control field 20251024105039.0
008 - FIXED-LENGTH DATA ELEMENTS--GENERAL INFORMATION
fixed length control field 251024b |||||||| |||| 00| 0 eng d
020 ## - INTERNATIONAL STANDARD BOOK NUMBER
International Standard Book Number 9789372026658
040 ## - CATALOGING SOURCE
Transcribing agency IIMT UNIVERSITY, MEERUT
100 ## - MAIN ENTRY--PERSONAL NAME
Personal name Maheshwari & Mhaskar
245 ## - TITLE STATEMENT
Title Essential Orthopaedics
260 ## - PUBLICATION, DISTRIBUTION, ETC.
Place of publication, distribution, etc. NEW DELHI
Name of publisher, distributor, etc. JAYPEE
Date of publication, distribution, etc. 2023
300 ## - PHYSICAL DESCRIPTION
Extent 418
942 ## - ADDED ENTRY ELEMENTS (KOHA)
Source of classification or shelving scheme
Koha item type Book Bank
Edition 8'TH
Holdings
Withdrawn status Lost status Source of classification or shelving scheme Damaged status Not for loan Home library Current library Date acquired Source of acquisition Inventory number Total Checkouts Barcode Checked out Date last seen Date last checked out Uniform Resource Identifier Price effective from Koha item type
          IIMT University Central Library Meerut IIMT University Central Library Meerut 10/24/2025 R.LALL BOOK DEPOT GD/IN/310 1 01-B-145998 08/15/2026 11/17/2025 11/17/2025 medical science 10/24/2025 Book Bank
          IIMT University Central Library Meerut IIMT University Central Library Meerut 10/24/2025 R.LALL BOOK DEPOT GD/IN/310 1 01-B-145999 08/15/2026 11/11/2025 11/11/2025 medical science 10/24/2025 Book Bank
          IIMT University Central Library Meerut IIMT University Central Library Meerut 10/24/2025 R.LALL BOOK DEPOT GD/IN/310 1 01-B-146000 08/15/2026 11/24/2025 11/24/2025 medical science 10/24/2025 Book Bank
          IIMT University Central Library Meerut IIMT University Central Library Meerut 10/24/2025 R.LALL BOOK DEPOT GD/IN/310   01-B-146001   10/24/2025   medical science 10/24/2025 Book Bank
          IIMT University Central Library Meerut IIMT University Central Library Meerut 10/24/2025 R.LALL BOOK DEPOT GD/IN/310 1 01-B-146002 08/15/2026 11/11/2025 11/11/2025 medical science 10/24/2025 Book Bank
IIMT, Central Library. All Rights Reserved IIMT,UNIVERSITY © 2023
Implemented and Customised by I CLOUDE EMS
You Are OPAC Visitor No
free web counter

Powered by Koha